Riconosci il Pokémon - Quiz n°392 - Statistics

Statistiche generali
  • Questo quiz è stato fatto 0 volte
  • Il punteggio medio è 0 su 10
Statistiche sulle risposte
Indizio Risposta % Corretto
Altezza 1,0 m
0%
Peso 110,0 kg
0%
Sesso 50% ♂, 50% ♀
0%
Tasso di cattura 90 (20.1%)
0%
Tipo Erba / Acciaio
0%
Pokémon Ferrothorn
0%
Tasso di allevamento Medio-Veloce
0%
Stadio evoluzione Prima evoluzione
0%
Generazione Quinta
0%
Abilità Spineferrate; Presagio
0%
Nessun quiz corrispondente trovato
Distribuzione punteggi
Percentuale di utenti per punteggio
Percentile per numero di risposta
I tuoi punteggi nel tempo
Non hai fatto questo quiz